ESSENTIALS OF OPHTHALMOLOGY (Record no. 33571)

MARC details
000 -LEADER
fixed length control field 00342nam a22001577a 4500
003 - CONTROL NUMBER IDENTIFIER
control field SGT
020 ## - INTERNATIONAL STANDARD BOOK NUMBER
International Standard Book Number 9789356963825
082 ## - DEWEY DECIMAL CLASSIFICATION NUMBER
Classification number 617.7
Item number E25B
100 ## - MAIN ENTRY--PERSONAL NAME
Personal name BASAK, SAMAR K.
245 ## - TITLE STATEMENT
Title ESSENTIALS OF OPHTHALMOLOGY
250 ## - EDITION STATEMENT
Edition statement 8TH
260 ## - PUBLICATION, DISTRIBUTION, ETC. (IMPRINT)
Place of publication, distribution, etc INDIA
Name of publisher, distributor, etc JAYPEE PUB
Year of Publication 2025
300 ## - PAGE DESCRIPTION
No. of Pages 612
650 ## - SUBJECT ADDED ENTRY--TOPICAL TERM
Topical term or geographic name as entry element OPHTHALMOLOGY
942 ## - ADDED ENTRY ELEMENTS (KOHA)
Source of classification or shelving scheme Dewey Decimal Classification
Koha item type Books
Holdings
Withdrawn status Lost status Source of classification or shelving scheme Damaged status Not for loan Collection code Home library Current library Shelving location Date acquired Vendor Name Cost, normal purchase price SGTU Bill Number Full call number Accession No. (Barcode) Date last seen Bill Date Koha item type Total Checkouts Checked out Date last borrowed
    Dewey Decimal Classification   Not For Loan MEDICAL SGT Medical Library SGT Medical Library Text Book 29/11/2025 ABC DELHI 1395.00 SGTU 22053 617.7 E25B FM16026 27/01/2026 29/11/2025 Books      
    Dewey Decimal Classification     MEDICAL SGT Medical Library SGT Medical Library Text Book 29/11/2025 ABC DELHI 1395.00 SGTU 22053 617.7 E25B FM16027 29/05/2026 29/11/2025 Books 3 12/06/2026 29/05/2026
    Dewey Decimal Classification     MEDICAL SGT Medical Library SGT Medical Library Text Book 29/11/2025 ABC DELHI 1395.00 SGTU 22053 617.7 E25B FM16028 25/05/2026 29/11/2025 Books 3 08/06/2026 25/05/2026
    Dewey Decimal Classification     MEDICAL SGT Medical Library SGT Medical Library Text Book 29/11/2025 ABC DELHI 1395.00 SGTU 22053 617.7 E25B FM16029 02/06/2026 29/11/2025 Books 2 16/06/2026 02/06/2026
    Dewey Decimal Classification     MEDICAL SGT Medical Library SGT Medical Library Text Book 29/11/2025 ABC DELHI 1395.00 SGTU 22053 617.7 E25B FM16030 26/05/2026 29/11/2025 Books 1   13/05/2026